000 00381 a2200145 4500
020 _a9781451648539
082 _a621.39092
100 _aIsaacson Walter
245 _aSteve jobs
_cIsaacson Walter
260 _aNew York
_bSimon & Schuster
_c2011
300 _a630 p.
650 _aComputer engineers-United State-Biography
700 _aWalter Isaacson
942 _cBK
_k621.39092 ISA
999 _c10714
_d10714